00335nam a2200121Ia 45000030006000000080041000060400015000471000031000622450060000932600031001535460012001840050017001960STCL150530s9999 xx 000 0 und d aSTCLcSTCL aLakshmanaswami Mudliar, A. aCauses of ante natal and neo natal mottality of infants bUniversity of Madrasc1928 aEnglish20220125170416.0